| 000 | 00545nam a22001937a 4500 | ||
|---|---|---|---|
| 003 | KOHA_MİRAKIL | ||
| 005 | 20251117171129.0 | ||
| 008 | 251117b tu ||||| |||| 00| 0 tur d | ||
| 020 | _a9786258327564 | ||
| 040 |
_aTR-AnABB _btur _cTR-AnABB |
||
| 041 | _atur | ||
| 082 |
_a822.33 _bSHA 2022 |
||
| 100 | 1 | _aShakespeare, William, | |
| 245 | 1 | 0 |
_aRomeo ve Juliet / _cWilliam Shakespeare |
| 260 |
_aİstanbul : _bİthaki Yayınları, _c2022 |
||
| 300 |
_a204 sayfa ; _c20 cm |
||
| 650 | 0 | 4 | _aİngiliz edebiyatı, roman |
| 942 |
_2ddc _cBK |
||
| 999 |
_c9497 _d9497 |
||
| 900 | _bGizem YORULMAZ | ||